| 000 | 00977nam a22003017a 4500 | ||
|---|---|---|---|
| 001 | 200461666 | ||
| 003 | TR-AnTOB | ||
| 005 | 20240709114248.0 | ||
| 008 | 240709b tu ||||| |||| 00| 0 tur d | ||
| 020 | _a9786059166706 | ||
| 040 |
_aTR-AnTOB _beng _erda _cTR-AnTOB |
||
| 041 | _atur | ||
| 092 |
_a813.42 _bYAŞ 2023 |
||
| 100 | 1 |
_aYaşar, Sinan _eauthor. _9144183 |
|
| 245 |
_aÇetin ceviz ve Mucide : _bSıra dışı bir arkadaşlık hikayesi / _cSinan Yaşar ; resimleyen : Büşra Çakmak ; editör : Sima Özkan |
||
| 250 | _a14. bs. | ||
| 260 |
_aİstanbul : _bFom Kitap ; _c2023 |
||
| 300 |
_a94 Pages. : _bill. ; _c20 cm. |
||
| 336 |
_atext _btxt _2rdacontent |
||
| 337 |
_aunmediated _bn _2rdamedia |
||
| 338 |
_avolume _bnc _2rdacarrier |
||
| 653 | _aTürk edebiyatı | ||
| 700 | 1 |
_aÇakmak, Büşra _eillustrator. _9144067 |
|
| 700 | 1 |
_aÖzkan, Sima, _d1988- _eeditor. _9138485 |
|
| 942 |
_2ddc _cBK |
||
| 999 |
_c200461666 _d79878 |
||